000 00537nam a2200121Ia 4500
008 220620s9999||||xx |||||||||||||| ||und||
100 _aEsposito, Gilda||Galeotti, Glenda
245 0 _aChapter A Student Voice Approach in Work-Related Learning. From Lesson-Learned in Secondary School to Suggestions for Higher Education
546 _aEnglish[eng]
650 _askill mismatch||learner-centred teaching||experiential learning||career guidance
856 _uhttps://library.oapen.org/bitstream/20.500.12657/55918/1/13830.pdf
942 _cEB
999 _c27503
_d27503